Fisiología aplicada (Record no. 133885)

MARC details
000 -LEADER
campo de control de longitud fija 00802nam a2200217 i 4500
001 - NÚMERO DE CONTROL
campo de control 133885
003 - IDENTIFICADOR DE NÚMERO DE CONTROL
campo de control ES-MaACL
005 - FECHA Y HORA DE LA ÚLTIMA TRANSACCIÓN
campo de control 20230906194543.0
007 - CAMPO FIJO DE DESCRIPCIÓN FÍSICA--INFORMACIÓN GENERAL
campo de control de longitud fija t|
008 - DATOS DE LONGITUD FIJA--INFORMACIÓN GENERAL
campo de control de longitud fija 070903s1953 sp ||||1| spa d
100 1# - ENTRADA PRINCIPAL--NOMBRE DE PERSONA
Nombre de persona Wright, Samson.
9 (RLIN) 117422
245 10 - MENCIÓN DEL TÍTULO
Título Fisiología aplicada
Resto del título : (patología funcional) /
Mención de responsabilidad, etc. por Samson Wright ; con la colaboración de Montague Maizels y John B. Jepson ; traducida de la inglesa por J. González-Campo de Cos.
260 ## - PUBLICACIÓN, DISTRIBUCIÓN, ETC.
Lugar de publicación, distribución, etc. Barcelona :
Nombre del editor, distribuidor, etc. Manuel Marín,
Fecha de publicación, distribución, etc. [1953]
300 ## - DESCRIPCIÓN FÍSICA
Extensión XV, 1008 p. :
Otras características físicas il. ;
Dimensiones 25 cm.
650 #4 - PUNTO DE ACCESO ADICIONAL DE MATERIA--TÉRMINO DE MATERIA
Término de materia o nombre geográfico como elemento de entrada Fisiología humana.
9 (RLIN) 12890
700 1# - ENTRADA AGREGADA--NOMBRE PERSONAL
Nombre de persona Maizels, Montague.
9 (RLIN) 75637
700 1# - ENTRADA AGREGADA--NOMBRE PERSONAL
Nombre de persona Jepson, John B.
9 (RLIN) 66323
700 1# - ENTRADA AGREGADA--NOMBRE PERSONAL
Nombre de persona González-Campo de Cos, José.
9 (RLIN) 58488
852 ## - LOCALIZACIÓN
Ubicación ES-MaACL
Número de control de estantería C-8628
Sublocalización o colección R.36895
852 ## - LOCALIZACIÓN
Ubicación ES-MaACL
Número de control de estantería E-2347
Sublocalización o colección R.35256
Holdings
Estatus retirado Estado de pérdida Estado de daño No para préstamo Biblioteca de origen Biblioteca actual Ubicación en estantería Fecha de adquisición Fuente de adquisición Total de préstamos Signatura topográfica completa Código de barras Visto por última vez Precio de reemplazo Tipo de ítem Koha
        Biblioteca del Ateneo de Madrid Biblioteca del Ateneo de Madrid Depósito 2 17/01/2008     E-2347 1139368 23/02/2023 23/02/2023 Libro impreso
        Biblioteca del Ateneo de Madrid Biblioteca del Ateneo de Madrid Sala Palomar 17/01/2008     C-8628 1139367 23/02/2023 23/02/2023 Libro impreso